អក្សរសាស្រ្តខ្មែរ ថ្នាក់ទី ១១ / (Record no. 6921)

MARC details
000 -LEADER
fixed length control field 01675nam a22002417a 4500
001 - CONTROL NUMBER
control field 6921
003 - CONTROL NUMBER IDENTIFIER
control field FISKH
005 - DATE AND TIME OF LATEST TRANSACTION
control field 20250606161219.0
008 - FIXED-LENGTH DATA ELEMENTS--GENERAL INFORMATION
fixed length control field 250606b cb ||||| |||| 00| 0 eng d
020 ## - INTERNATIONAL STANDARD BOOK NUMBER
International Standard Book Number 9789995000998
040 ## - CATALOGING SOURCE
Original cataloging agency FISKH
Language of cataloging khr
Transcribing agency FISKH
Modifying agency FISKH
082 ## - DEWEY DECIMAL CLASSIFICATION NUMBER
Classification number 370
100 ## - MAIN ENTRY--PERSONAL NAME
Personal name Thy, Yin
245 ## - TITLE STATEMENT
Title អក្សរសាស្រ្តខ្មែរ ថ្នាក់ទី ១១ /
Statement of responsibility, etc. លោក យិន​ធី ,លោកស្រី ប៊ី គឺមសែន ,លោក យ៉ង់ កំស៊ាន, លោក ព្រៃ សំបូរ, លោក គូយ សូគាន និង លោកស្រី ម៉ៅ តាន់ណារី
250 ## - EDITION STATEMENT
Edition statement បោះពុម្ពឆ្នាំ២០២២
260 ## - PUBLICATION, DISTRIBUTION, ETC.
Place of publication, distribution, etc. ភ្នំពេញ :
Name of publisher, distributor, etc. គ្រឺះស្ថានបោះពុម្ពនិងចែកផ្សាយ ,
Date of publication, distribution, etc. ២០២២.
300 ## - PHYSICAL DESCRIPTION
Extent 268 pages :
Other physical details illustrations ;
Dimensions 25 cm .
520 ## - SUMMARY, ETC.
Summary, etc. សៀវភៅអក្សរសាស្ត្រខ្មែរ ថ្នាក់ទី ១១ ត្រូវបានរៀបចំឡើងសម្រាប់សិស្សថ្នាក់ទី ១១ ដើម្បីអភិវឌ្ឍចំណេះដឹង និងជំនាញក្នុងការសិក្សាអក្សរសិល្ប៍ខ្មែរ និងអក្សរសិល្ប៍បរទេស។
520 ## - SUMMARY, ETC.
Summary, etc. The Grade 11 Khmer Literature textbook is designed for 11th-grade students to develop knowledge and skills in studying Khmer literature and foreign literature."
700 ## - ADDED ENTRY--PERSONAL NAME
Personal name Tongbotta, Seng
Relator term Illustrator
942 ## - ADDED ENTRY ELEMENTS (KOHA)
Source of classification or shelving scheme Dewey Decimal Classification
Koha item type Khmer Books
Suppress in OPAC No
Holdings
Withdrawn status Lost status Source of classification or shelving scheme Damaged status Not for loan Collection Home library Current library Shelving location Date acquired Total Checkouts Full call number Barcode Date last seen Price effective from Koha item type
    Dewey Decimal Classification     Khmer Language Books / សៀវភៅភាសាខ្មែរ Footprints International School Library Network Toul Tom Poung Campus Footprints International School Library Network Toul Tom Poung Campus TTP Secondary Khmer Bookshelves 06/06/2025   THY 370 2025-1561 06/06/2025 06/06/2025 Khmer Books